<?xml version="1.0" encoding="UTF-8"?>
<record
    xmlns:xsi="http://www.w3.org/2001/XMLSchema-instance"
    xsi:schemaLocation="http://www.loc.gov/MARC21/slim http://www.loc.gov/standards/marcxml/schema/MARC21slim.xsd"
    xmlns="http://www.loc.gov/MARC21/slim">

  <leader>02078nam a2200277Ia 4500</leader>
  <datafield tag="952" ind1=" " ind2=" ">
    <subfield code="0">0</subfield>
    <subfield code="1">0</subfield>
    <subfield code="2">lcc</subfield>
    <subfield code="4">0</subfield>
    <subfield code="7">0</subfield>
    <subfield code="a">08</subfield>
    <subfield code="b">08</subfield>
    <subfield code="d">2016-08-26</subfield>
    <subfield code="l">12</subfield>
    <subfield code="o">H29 Y68 2011</subfield>
    <subfield code="p">08 004596</subfield>
    <subfield code="r">2023-04-15</subfield>
    <subfield code="s">2023-04-15</subfield>
    <subfield code="t">1</subfield>
    <subfield code="w">2012-07-20</subfield>
    <subfield code="y">LB</subfield>
  </datafield>
  <datafield tag="952" ind1=" " ind2=" ">
    <subfield code="0">0</subfield>
    <subfield code="1">0</subfield>
    <subfield code="2">lcc</subfield>
    <subfield code="4">0</subfield>
    <subfield code="7">0</subfield>
    <subfield code="a">08</subfield>
    <subfield code="b">08</subfield>
    <subfield code="d">2009-03-25</subfield>
    <subfield code="l">6</subfield>
    <subfield code="o">H29 Y68 2004</subfield>
    <subfield code="p">08 002098</subfield>
    <subfield code="r">2023-04-15</subfield>
    <subfield code="s">2023-04-15</subfield>
    <subfield code="t">2</subfield>
    <subfield code="w">2012-07-20</subfield>
    <subfield code="y">LB</subfield>
  </datafield>
  <datafield tag="952" ind1=" " ind2=" ">
    <subfield code="0">0</subfield>
    <subfield code="1">0</subfield>
    <subfield code="2">lcc</subfield>
    <subfield code="4">0</subfield>
    <subfield code="7">0</subfield>
    <subfield code="a">08</subfield>
    <subfield code="b">08</subfield>
    <subfield code="d">2009-03-25</subfield>
    <subfield code="l">9</subfield>
    <subfield code="o">H29 Y68 2004</subfield>
    <subfield code="p">08 002099</subfield>
    <subfield code="r">2023-04-15</subfield>
    <subfield code="s">2023-04-15</subfield>
    <subfield code="t">3</subfield>
    <subfield code="w">2012-07-20</subfield>
    <subfield code="y">LB</subfield>
  </datafield>
  <datafield tag="952" ind1=" " ind2=" ">
    <subfield code="0">0</subfield>
    <subfield code="1">0</subfield>
    <subfield code="2">lcc</subfield>
    <subfield code="4">0</subfield>
    <subfield code="7">0</subfield>
    <subfield code="a">08</subfield>
    <subfield code="b">08</subfield>
    <subfield code="d">2013-04-01</subfield>
    <subfield code="l">1</subfield>
    <subfield code="o">H29 Y68 2004</subfield>
    <subfield code="p">08 002100</subfield>
    <subfield code="r">2023-04-15</subfield>
    <subfield code="s">2023-04-15</subfield>
    <subfield code="t">4</subfield>
    <subfield code="w">2013-04-01</subfield>
    <subfield code="y">LB</subfield>
  </datafield>
  <datafield tag="952" ind1=" " ind2=" ">
    <subfield code="0">0</subfield>
    <subfield code="1">0</subfield>
    <subfield code="2">lcc</subfield>
    <subfield code="4">0</subfield>
    <subfield code="7">0</subfield>
    <subfield code="a">08</subfield>
    <subfield code="b">08</subfield>
    <subfield code="d">2016-08-26</subfield>
    <subfield code="l">1</subfield>
    <subfield code="o">H29 Y68 2011</subfield>
    <subfield code="p">08 004424</subfield>
    <subfield code="r">2023-04-15</subfield>
    <subfield code="s">2023-04-15</subfield>
    <subfield code="t">5</subfield>
    <subfield code="w">2016-11-18</subfield>
    <subfield code="y">LB</subfield>
  </datafield>
  <datafield tag="952" ind1=" " ind2=" ">
    <subfield code="0">0</subfield>
    <subfield code="1">0</subfield>
    <subfield code="2">lcc</subfield>
    <subfield code="4">0</subfield>
    <subfield code="7">0</subfield>
    <subfield code="a">08</subfield>
    <subfield code="b">08</subfield>
    <subfield code="d">2016-08-26</subfield>
    <subfield code="l">11</subfield>
    <subfield code="o">H29 Y68 2011</subfield>
    <subfield code="p">08 004425</subfield>
    <subfield code="r">2023-06-06</subfield>
    <subfield code="s">2023-06-06</subfield>
    <subfield code="t">6</subfield>
    <subfield code="w">2016-11-18</subfield>
    <subfield code="y">LB</subfield>
  </datafield>
  <datafield tag="999" ind1=" " ind2=" ">
    <subfield code="c">82001</subfield>
    <subfield code="d">82001</subfield>
  </datafield>
  <controlfield tag="008">120721s2004    mx            000 0 spa d</controlfield>
  <datafield tag="020" ind1=" " ind2=" ">
    <subfield code="a">9682401070</subfield>
  </datafield>
  <datafield tag="050" ind1="0" ind2="4">
    <subfield code="a">H29 </subfield>
    <subfield code="b">Y68 2004</subfield>
  </datafield>
  <datafield tag="100" ind1="1" ind2="0">
    <subfield code="a">Young, Robert K.</subfield>
    <subfield code="e">autor</subfield>
  </datafield>
  <datafield tag="245" ind1="1" ind2="3">
    <subfield code="a">Introducci&#xF3;n a la estad&#xED;stica aplicada a las ciencias de la conducta </subfield>
    <subfield code="c">/ Robert K. Young, Donald J. Veldman ; tr. Graciela Rodr&#xED;guez Arizmendi, Lisha Jacobo Ruseil</subfield>
  </datafield>
  <datafield tag="250" ind1=" " ind2=" ">
    <subfield code="a">2a edici&#xF3;n</subfield>
  </datafield>
  <datafield tag="260" ind1=" " ind2=" ">
    <subfield code="a">M&#xE9;xico </subfield>
    <subfield code="b">: Trillas</subfield>
    <subfield code="c">, 2011</subfield>
  </datafield>
  <datafield tag="300" ind1=" " ind2=" ">
    <subfield code="a">584 p&#xE1;ginas</subfield>
  </datafield>
  <datafield tag="490" ind1=" " ind2=" ">
    <subfield code="a">Biblioteca T&#xE9;cnica de Psicolog&#xED;a</subfield>
  </datafield>
  <datafield tag="500" ind1=" " ind2=" ">
    <subfield code="a">Traducci&#xF3;n de la obra: Introductory statistics for the behavioral science
Incluye &#xED;ndice anal&#xED;tico (pp.579-584)</subfield>
  </datafield>
  <datafield tag="505" ind1=" " ind2=" ">
    <subfield code="a">Distribuciones y gr&#xE1;ficas
Notaci&#xF3;n: suma simple
Medidas de tendencia central
Medidas de variabilidad
Calificaciones est&#xE1;ndar
Fundamentos de la estad&#xED;stica inferencial
La distribuci&#xF3;n normal
El error est&#xE1;ndar de la media
La distribuci&#xF3;n t
La prueba F: comparaci&#xF3;n varianzas
Suma m&#xFA;ltiple
La prueba F: comparaci&#xF3;n de las medias
An&#xE1;lisis de varianza de doble clasificaci&#xF3;n
Ji cuadrada
Correlaci&#xF3;n
Prueba y predicci&#xF3;n
C&#xF3;mo seleccionar el m&#xE9;todo de inferencia correcto
Respuestas a los problemas</subfield>
  </datafield>
  <datafield tag="519" ind1=" " ind2=" ">
    <subfield code="a">Educaci&#xF3;n Mixta /</subfield>
    <subfield code="b">Psicolog&#xED;a /</subfield>
    <subfield code="c">Estad&#xED;stica Aplicada a la Educaci&#xF3;n I (M05-3) /</subfield>
    <subfield code="d">(08 002100)</subfield>
  </datafield>
  <datafield tag="519" ind1=" " ind2=" ">
    <subfield code="a">Educaci&#xF3;n Mixta /</subfield>
    <subfield code="b">Pedagog&#xED;a /</subfield>
    <subfield code="c">Estad&#xED;stica Aplicada a la Educaci&#xF3;n II (M06-3) /</subfield>
    <subfield code="d">(08 004424)</subfield>
  </datafield>
  <datafield tag="519" ind1=" " ind2=" ">
    <subfield code="a">Plan Flexible /</subfield>
    <subfield code="b">Psicolog&#xED;a /</subfield>
    <subfield code="c">Estad&#xED;stica Aplicada a la Educaci&#xF3;n II (M06-3) /</subfield>
    <subfield code="d">(08 004425)</subfield>
  </datafield>
  <datafield tag="519" ind1=" " ind2=" ">
    <subfield code="a">Plan Flexible /</subfield>
    <subfield code="b">Pedagog&#xED;a /</subfield>
    <subfield code="c">Estad&#xED;stica Aplicada a la Educaci&#xF3;n I (M05-3) /</subfield>
    <subfield code="d">(08 002098, 08 002099, 08 004596)</subfield>
  </datafield>
  <datafield tag="650" ind1="1" ind2="0">
    <subfield code="a">1. Estad&#xED;stica - Introducci&#xF3;n programada</subfield>
  </datafield>
  <datafield tag="700" ind1=" " ind2=" ">
    <subfield code="a">I. Veldman, Donald, J. II. Rodr&#xED;guez Arizmendi, Graciela, tr. III. Ruseil Lisha, Jacobo, tr.&#xCC;</subfield>
  </datafield>
  <datafield tag="942" ind1=" " ind2=" ">
    <subfield code="c">LB</subfield>
  </datafield>
</record>
